Brefs aperçus sur le mariage d’après J.R.R. Tolkien (notice n° 1666596)

détails MARC
000 -LEADER
fixed length control field 01254cam a2200169 4500500
005 - DATE AND TIME OF LATEST TRANSACTION
control field 20260222002913.0
041 ## - LANGUAGE CODE
Language code of text/sound track or separate title fre
042 ## - AUTHENTICATION CODE
Authentication code dc
100 10 - MAIN ENTRY--PERSONAL NAME
Personal name Devaux, Michaël
Relator term author
245 00 - TITLE STATEMENT
Title Brefs aperçus sur le mariage d’après J.R.R. Tolkien
260 ## - PUBLICATION, DISTRIBUTION, ETC.
Date of publication, distribution, etc. 2026.<br/>
500 ## - GENERAL NOTE
General note 38
520 ## - SUMMARY, ETC.
Summary, etc. Dans différents écrits allant d’une lettre à son fils à ses textes sur les coutumes elfiques, ainsi qu’un conte évoquant un mariage malheureux, Tolkien évoque le mariage tel qu’il aurait dû être dans un monde non déchu. Il présente la fidélité comme un rapport au temps ajusté à l’être aimé, et dans lequel le regard de l’autre est intégré à notre expérience du monde.
520 ## - SUMMARY, ETC.
Summary, etc. In various writings ranging from a letter to his son to his texts on elven customs, as well as a tale evoking an unhappy marriage, Tolkien evokes the marriage, as it should have been in an unfallen world. He presents fidelity as a relationship with time adjusted to the beloved, and in which the gaze of the other is integrated into our experience of the world.
786 0# - DATA SOURCE ENTRY
Note Communio | 303 | 1 | 2026-02-09 | p. 109-119 | 0338-781X
856 41 - ELECTRONIC LOCATION AND ACCESS
Uniform Resource Identifier <a href="https://shs.cairn.info/revue-communio-2026-1-page-109?lang=fr&redirect-ssocas=7080">https://shs.cairn.info/revue-communio-2026-1-page-109?lang=fr&redirect-ssocas=7080</a>

Pas d'exemplaire disponible.

PLUDOC

PLUDOC est la plateforme unique et centralisée de gestion des bibliothèques physiques et numériques de Guinée administré par le CEDUST. Elle est la plus grande base de données de ressources documentaires pour les Étudiants, Enseignants chercheurs et Chercheurs de Guinée.

Adresse

627 919 101/664 919 101

25 boulevard du commerce
Kaloum, Conakry, Guinée

Réseaux sociaux

Powered by Netsen Group @ 2025